000 00610nam a2200217 a 4500
001 BRCA_3785
005 20190320204426.0
008 141109s1884----u--a---###---#000-0#eng-#
041 _aeng
044 _au
050 4 _aF1215
_b.O23 1 1884
100 1 _aOber, Frederick Albion
_d1849-1913
_99866
245 1 0 _aTravels in México and Life Among the Mexicans
_cby Frederick A. Ober.
260 _aBoston
_bEstes & Lauriat
_c1884
300 _a672 p.
_bil.
_c21 cm.
500 _aVer también C39 (1885)
500 _aB143
651 4 _aMéxico
_xDescripción y viajes
_9103
902 _aGFM
942 _2lcc
_cB
999 _c3514
_d3514